| 000 | 00321nam a2200121Ia 4500 | ||
|---|---|---|---|
| 008 | 230907s9999||||xx |||||||||||||| ||und|| | ||
| 082 |
_a621.319 _bBUR |
||
| 100 |
_aBurke, James J., _983224 |
||
| 245 | 0 | _aPower distribution engineering : | |
| 260 |
_aM. Dekker, _bNew York : _c1994 |
||
| 300 | _aix, 356 p. : | ||
| 942 | _cBK | ||
| 999 |
_c596221 _d596221 |
||